| 000 | 00649nam a2200169 a 4500 | ||
|---|---|---|---|
| 001 | ASIN0843607734 | ||
| 005 | 20140926184509.0 | ||
| 008 | 140926s1981 xxu eng d | ||
| 020 | _a0843607734 (hardcover) | ||
| 020 | _a9780843607734 (hardcover) | ||
| 100 | 1 | _aBerry, Dick. | |
| 245 | 1 | 0 |
_aUnderstanding and motivating the manufacturers' agent : _bwith special appendix section "understanding and improving the motivation of salesmen" / _cDick Berry. |
| 260 |
_a[S.l.] : _bCBI Pub. Co, _c1981. |
||
| 300 | _a138 p. | ||
| 520 | _aBook by Berry, Dick. | ||
| 856 | 4 | 0 |
_3Amazon.com _uhttp://www.amazon.com/exec/obidos/ASIN/0843607734/chopaconline-20 |
| 999 |
_c10442 _d10442 |
||